Alfabet wojskowy NATO - Statystyki

Ogólne statystyki
  • Ten quiz został rozwiązany 5 147 razy
  • Średni wynik to 11 z 26
Statystyki odpowiedzi
Litera Kod % Poprawnych
A Alfa
98%
D Delta
80%
B Bravo
74%
C Charlie
72%
F Foxtrot
56%
E Echo
53%
T Tango
43%
Z Zulu
41%
H Hotel
40%
I India
39%
L Lima
39%
S Sierra
39%
X Xray
39%
K Kilo
38%
W Whiskey
36%
G Golf
35%
J Juliet
34%
P Papa
34%
Q Quebec
33%
R Romeo
33%
Y Yankee
33%
N November
32%
M Mike
30%
O Oscar
30%
V Victor
30%
U Uniform
29%
Nie znaleziono quizów pasujących do podanych kryteriów
Rozkład punktacji
Procent ludzi z każdym wynikiem
Percentyl według liczby udzielonych odpowiedzi
Twoja historia wyników
Nie rozwiązałeś tego quizu